000 00754nam a2200229 i 4500
001 bgj
100 1 _aLITTLEJOHN, Andrew
245 1 0 _aCambridge English for Polish Schools :
_bstudent's book three /
_cAndrew Littlejohn & Diana Hicks with Małgorzata Szwaj.
260 _aCambridge :
_bCambridge University Press,
_c1997
_e(Cambridge :
_fUniversity Press).
300 _a158 pp :
_bill., draw., photos ;
_c28 cm.
650 9 _aEnglish language
655 _aTextbooks for foreigners
700 1 _aHICKS, Diana
700 1 _aHICKS, Diana.
_eco-auth.
700 1 _aSZWAJ, Małgorzata
020 _a0521588839 (pbk)
040 _cBPK
041 0 _aeng
920 _a0-521-58883-9 (pbk)
942 _cKS
008 s uk f |000 0 eng
999 _c48276
_d48276